Political handbook of the world 1998 (Record no. 9563)
[ view plain ]
| 000 -LEADER | |
|---|---|
| fixed length control field | 00387nam a2200145Ia 4500 |
| 020 ## - INTERNATIONAL STANDARD BOOK NUMBER | |
| ISBN | 0933199139 |
| 082 ## - DEWEY DECIMAL CLASSIFICATION NUMBER | |
| Classification number | RR 320.06 POl- |
| 245 #0 - TITLE STATEMENT | |
| Title | Political handbook of the world 1998 |
| 260 ## - PUBLICATION, DISTRIBUTION, ETC. (IMPRINT) | |
| Place of publication | Bonghamton |
| Name of publisher | CSA Publications |
| 504 ## - BIBLIOGRAPHY, ETC. NOTE | |
| Bibliography, etc | includes appendix and index |
| 650 ## - SUBJECT ADDED ENTRY--TOPICAL TERM | |
| Topical Term | International organization |
| 700 ## - ADDED ENTRY--PERSONAL NAME | |
| Personal name | Muller, Thomas C. |
| 700 ## - ADDED ENTRY--PERSONAL NAME | |
| Personal name | Banks, Arthur S. |
| 942 ## - ADDED ENTRY ELEMENTS (KOHA) | |
| Koha item type | Books |
| Source of classification or shelving scheme | Dewey Decimal Classification |
| Withdrawn status | Lost status | Damaged status | Not for loan | Collection code | Home library | Current library | Date acquired | Bill Date | Full call number | Accession Number | Price effective from | Koha item type |
|---|---|---|---|---|---|---|---|---|---|---|---|---|
| Docas Books | NASSDOC Library | NASSDOC Library | 26/08/2016 | 2005-02-11 | RR 320.06 POl- | D000562 | 18/04/2019 | Books |
